Tanév-megnyitó beszéd

Elmentve itt :
Bibliográfiai részletek
Szerző: Kiss Ferenc
Dokumentumtípus: Cikk
Megjelent: 1942
Sorozat:Kolligátum
Kulcsszavak:Orvosképzés - ünnepi beszéd
Online Access:http://misc.bibl.u-szeged.hu/26732
LEADER 00526nab a2200169 i 4500
001 misc26732
005 20191111110424.0
008 170830s1942 hu o 0|| zxx d
040 |a SZTE Miscellanea Repozitórium  |b hun 
041 |a zxx 
100 1 |a Kiss Ferenc 
245 1 0 |a Tanév-megnyitó beszéd  |h [elektronikus dokumentum] /  |c  Kiss Ferenc 
260 |c 1942 
300 |a 1-8 
490 0 |a Kolligátum 
695 |a Orvosképzés - ünnepi beszéd 
856 4 0 |u http://misc.bibl.u-szeged.hu/26732/1/019_012_001-008.pdf  |z Dokumentum-elérés